Les catcheurs les plus âgés en activité chez WWE et AEW - Statistiques

Statistiques générales
  • Ce quiz a été pris 130 fois
  • Le résultat moyen est 7 sur 15
Statistiques - réponses
Âge Catcheur % Correct
48 ans John Cena
85%
45 ans Randy Orton
77%
55 ans Chris Jericho
65%
48 ans AJ Styles
64%
46 ans CM Punk
60%
40 ans Roman Reigns
60%
50 ans Rey Mysterio
59%
51 ans Adam Copeland
47%
51 ans Christian Cage
42%
40 ans Cody Rhodes
39%
53 ans R-Truth
34%
56 ans Dustin Rhodes
20%
42 ans LA Knight
20%
43 ans Asuka
7%
49 ans Tomohiro Ishii
2%
Aucun quiz correspondant
Distribution des résultats
% des personnes avec chaque résultat
Percentile par nombre de réponses
Votre historique - résultats
Vous n’avez pas pris ce quiz